000 00506nam a2200205Ia 4500
005 20250425162722.0
008 250425s9999 xx 000 0 und d
020 _a9978623973
041 _aspa
043 _aec
082 _a861
_pCAZ
100 _aCAZON VERA, FERNANDO
245 0 _aPOESÍA JUNTA
250 _a1
260 _aEcuador
_bCASA DE LA CULTURA ECUATORIANA BENJAMIN CARRION
_c2005
260 _aQUITO
710 _aCASA DE LA CULTURA ECUATORIANA
942 _c01
010 _a102591
999 _c235040
_d235040